000 00609nam a2200253Ia 4500
005 20250425162104.0
008 250425s9999 xx 000 0 und d
020 _a9681845226
041 _aspa
082 _a660.62
100 _aGARCIA GARIBAY, MARIANO
245 0 _aBIOTECNOLOGIA ALIMENTARIA
250 _a1A ED.
260 _aMEXICO
260 _aMéxico
_bLIMUSA
_c2000
300 _a632
650 _aADITIVOS PARA ALIMENTOS
650 _aBIOTECNOLOGIA
650 _aENZIMAS
650 _aINDUSTRIA ALIMENTARIA
650 _aPROCESOS BIOTECNOLOGICOS
942 _c01
010 _a49043
999 _c222110
_d222110